Yoshi Colors - Statistics

General Stats
  • This quiz has been taken 188 times
  • The average score is 10 of 11
Answer Stats
Answer % Correct
Blue
99%
Green
99%
Black
98%
Red
98%
Purple
97%
White
97%
Yellow
97%
Orange
94%
Pink
92%
Cyan
78%
Brown
74%
No matching quizzes found
Score Distribution
Percent of People with Each Score
Percentile by Number Answered
Your Score History
You have not taken this quiz